| 000 | 00771nam a2200169 4500 | ||
|---|---|---|---|
| 999 |
_c2906 _d2906 |
||
| 001 | 3569 | ||
| 005 | 20190920124100.0 | ||
| 008 | 190920b ||||| |||| 00| 0 eng d | ||
| 020 | 0 | 0 | _a9789993614487 |
| 245 | 0 | 0 | _aའབྲུག་བརྒྱུད་འཛིན་གྱི་རྒྱལ་མཆོག་གཉིས་པ་མི་དབང་འཇིགས་མེད་དབང་ཕྱུག་མཆོག་གི་རྟོགསབརྗོད་བཞུགས་སོ། |
| 246 | _a[Biography of 2nd King Jigme Wangchuck]. | ||
| 260 | 0 | 0 |
_a[Thimphu] : _bCentre for Bhutan Studies, _c2008. |
| 300 | 0 | 0 | _a266 p. ; 25 cm. |
| 600 |
_aJigme Wangchuck, _c2nd King of Bhutan. |
||
| 651 | _aBhutan --Kings and rulers --Biography. | ||
| 942 |
_2ddc _cDZONGKHA |
||